00973cam a22002771i 4500001001300000003000400013005001700017008004100034010001700075035001900092040003600111042001200147050002200159086001700181100004700198245006400245260004900309300009800358410005700456504003100513651002000544650002900564650003800593650003700631740002700668gs 64000258 DLC20260227111414.0780406s1964 dcuabd b f000 0 eng  ags 64000258  a(OCoLC)3784890 aDLCcOClUdISSdOCoLCdDLCdWaU apremarc00aQE75b.P9 no. 4010 aI 19.16:401/1 aMorrison, Roger B.q(Roger Barron),d1914-10aLake Lahontan :bgeology of southern Carson Desert, Nevada. aWashington :bU.S. Govt. Print. Off.,c1964. av, 156 p. :bill., maps, diagrs., tables and portfolio (fold. maps (7 col.) diagr.) ;c29 cm.20aGeological Survey (U.S.).tProfessional paper ;v401 aBibliography : p. 117-121. 0aLahontan, Lake. 0aGeologyzLahontan, Lake. 0aGeologyzNevadazChurchill County 0aGeology, StratigraphicyCenozoic0 aCarson Desert, Nevada.